LEADER 01055nam--2200361---450- 001 990003096650203316 005 20110805113117.0 035 $a000309665 035 $aUSA01000309665 035 $a(ALEPH)000309665USA01 035 $a000309665 100 $a20080416d1966----km-y0itay50------ba 101 $afre 102 $aFR 105 $a||||||||001yy 200 1 $aPieces grincantes$eArdele ou la Marguerite$eLa valse des toreadors$eOrnifle ou Le courant d'air$ePauvre Bitos ou Le dner des Tetes$fJean Anouilh 210 $aParis$cLa table ronde$d1966 215 $a507 p.$d21 cm 410 0$12001 454 1$12001 461 1$1001-------$12001 606 0 $aLetteratura drammatica francese 676 $a842.9 700 1$aANOUILH,$bJean$0196483 801 0$aIT$bsalbc$gISBD 912 $a990003096650203316 951 $aII.4.A.168$b2514 DSLL 959 $aBK 969 $aDSLL 979 $aDSLL$b90$c20080416$lUSA01$h1508 979 $aDSLL$b90$c20110805$lUSA01$h1131 996 $aPièces grinçantes$9179128 997 $aUNISA LEADER 01637nam 2200421 450 001 9910397876103321 005 20200810104131 010 $a84-948684-2-X 035 $a(CKB)4100000009605811 035 $a(MiAaPQ)EBC6770769 035 $a(EXLCZ)994100000009605811 100 $a20200721d2018 uy 0 101 0 $aspa 135 $aurcnu|||||||| 181 $ctxt$2rdacontent/spa 182 $cc$2rdamedia/spa 183 $acr$2rdacarrier/spa 200 13$aLa autoliquidacio?n y su incidencia en el sistema de aplicacio?n de los tributos en Espan?a /$fLenin Jose? Andara Sua?rez, doctor por la Universidad de Salamanca, profesor de finanzas pu?blicas y derecho financiero, Universidad de Los Andes (ULA) Venezuela, abogado magna cum laude 210 1$aBarcelona :$cBosch Editor,$d2018. 215 $a1 recurso en li?nea (237 pa?ginas) 311 $a84-948684-1-1 320 $aIncluye referencias bibliogra?ficas (pa?ginas 217-237). 606 $aImpuestos$xDerecho y legislacio?n$zEspan?a 606 $aIncidencia fiscal$zEspan?a 606 $aTaxation$xLaw and legislation$zSpain 606 $aTax incidence$zSpain 608 $aLibros electronicos. 615 4$aImpuestos$xDerecho y legislacio?n 615 4$aIncidencia fiscal 615 0$aTaxation$xLaw and legislation 615 0$aTax incidence 676 $a343.4604 700 $aAndara Sua?rez$b Lenin Jose?$0867281 801 0$bFINmELB 906 $aBOOK 912 $a9910397876103321 996 $aLa autoliquidacio?n y su incidencia en el sistema de aplicacio?n de los tributos en Espan?a$91935899 997 $aUNINA